top 25 powerful mcu characters - Statistics

General Stats
  • This quiz has been taken 42 times
    8 since last reset
  • The average score is 8 of 25
Answer Stats
Hint Answer % Correct
Thor
100%
. Captain Marvel
86%
Scarlet Witch
86%
Loki
71%
Thanos
71%
Doctor Strange
57%
Arishem
43%
Dr Doom
43%
Gorr
43%
Agatha Harkness
29%
G'iah
29%
Hela
29%
Sentry
29%
The Watcher
29%
Cassandra Nova
14%
Dormammu
14%
Galactus
14%
Infinity Ultron
14%
Surtur
14%
Apocalypse
0%
Gravitron
0%
Jean Grey
0%
Mangeto
0%
Morbius
0%
Quake
0%
No matching quizzes found
Score Distribution
Percent of People with Each Score
Percentile by Number Answered
Your Score History
You have not taken this quiz since the last reset